00521nam a2200145Ia 4500008004000000082001300040100001800053245002900071260005200100300000800152690001100160906001100171999001900182952017400201210210b1991 xxu||||| |||| 00| 0 eng d a613 SELN aSELMON (A C). aNew health and longevity aPoona.bOriental Watchman Publishing Co.,c1991 a421 aHealth a057365 c104810d104810 001040708medical scienceaALbALcmedical scienced2021-02-17eNational Home & Health Service, Pune.g245.00l0o613 SELNp057365r2021-02-17 00:00:00w2021-02-17yBK